| 000 | 00899nam a2200241 a 4500 | ||
|---|---|---|---|
| 001 | 000025256 | ||
| 005 | 20200930023649.0 | ||
| 008 | 110211s1986 mx ad r 000 0 spa d | ||
| 020 | _a9686642331 | ||
| 040 |
_aDO-SdBNP _bspa _cBNPHU |
||
| 041 | 1 | 7 |
_aspa _heng _2Código de idioma MARC |
| 082 |
_aNNN _bP769 |
||
| 245 | 0 | 1 |
_aPolítica interior de los Estados Unidos / _cCharles S. Bullock, James E. Anderson, David W. Brady ; traducción al español por José Luis González. |
| 260 |
_aMéxico, D. F. : _bGernika, _c1986. |
||
| 300 |
_a310 p. : _bil. ; _c21 cm. |
||
| 534 |
_aTítulo original en inglés: _tPublic policy in the eihties |
||
| 504 | _aIncluye refererncias bibliográficas al pie de las páginas | ||
| 700 | 1 |
_aBullokc, Charles S. _951754 |
|
| 700 | 1 |
_aAnderson, James E. _951755 |
|
| 700 | 1 |
_aBrady, David W. _951756 |
|
| 700 | 1 |
_aGonzález, José Luis _etr. _95327 |
|
| 049 | _aBNGR | ||
| 999 |
_c24749 _d24749 |
||